000 00396nam a22001457a 4500
082 _aP-387
100 _aMuhammad Ammar
_948096
245 _aEnhancement of Flexural Strength of A Steel Beam By the Applilcation of External Axial Load
260 _aRisalpur Cantt
_bMCE
300 _aP 84
526 _a0
_b0
_c0
_dP_387
650 _aProject
700 _aSardar Khan
_947692
942 _2ddc
_cBK
999 _c551134
_d551134